00358cam a22000977a 4500008004000000082001300040245011200053260004800165300000900213700003800222180718b1961 xxu||||| |||| 00| 0 eng d aP04x54/A aAssistance to educational medical and cultural institutions (western region)cby Ministry of Rehabilitation aNew DelhibMinistry of Rehabilitationc1961 a41p. aIndia. Ministry of Rehabilitation